Loreto College Library, Kolkata
WEBOPAC (ONLINE PUBLIC ACCESS CATALOGUE)

The golden book of Vidyasagar (Record no. 23472)

MARC details
000 -LEADER
fixed length control field 00568nam a2200205Ia 4500
008 - FIXED-LENGTH DATA ELEMENTS--GENERAL INFORMATION
fixed length control field 131103s9999 xx 000 0 und d
020 ## - ISBN | অাই এস বি এন
ISBN | অাই এস বি এন 8185304599
040 ## - CATALOGING SOURCE
Original cataloging agency Loreto College
041 ## - LANGUAGE CODE
Language code English
082 ## - DDC | ডিউই
Classification number | বর্গসংখ্যা 370.954/VID
Book Number | গ্রন্থাঙ্ক LCLIB/37620
245 #4 - TITLE STATEMENT | অাখ্যা বিবরণী
Title | অাখ্যা The golden book of Vidyasagar
Statement of responsibility | লেখকের দায়িত্বের বিবরণ Edited by Ashim Mukhopadhyay
260 ## - IMPRINT | প্রকাশনা ক্ষেত্র
Place of publication | প্রকাশ স্থান Kolkata
Name of publisher | প্রকাশকের নাম All bengal V.D.C.C
Date of publication | প্রকাশ কাল 1993
300 ## - PHYSICAL DESCRIPTION |
Page / Vol. No | পৃষ্ঠা / খন্ড সংখ্যা 543p.
630 ## - SUBJECT ADDED ENTRY--UNIFORM TITLE
Uniform title Education-Vidyasagar
650 ## - SUBJECT ADDED ENTRY--TOPICAL TERM | বিষয় শিরোনাম - মূল বিষয়
Topical term | মূল বিষয় Vidyasagar
651 ## - SUBJECT ADDED ENTRY--GEOGRAPHIC NAME | বিষয় শিরোনাম - ভৌগলিক নাম
Geographic name | ভৌগলিক বিষয় Education
700 ## - ADDED ENTRY--PERSONAL NAME | অতিরিক্ত সংলেখ - ব্
Personal name | ব্যাক্তিনাম Mukhopadhyay, Ashim
850 ## - HOLDING INSTITUTION
Holding institution LCLIB/370.954/VID
942 ## - ADDED ENTRY ELEMENTS (KOHA)
Koha item type Books
Holdings
Withdrawn status Lost status Damaged status Not for loan Home library Current library Date acquired Total Checkouts Full call number Accession No. Date last seen Price effective from Koha item type
        Loreto College Loreto College 04/11/2013   370.954/VID LCLIB/37620 B26128 04/11/2013 04/11/2013 Books